Optics (Record no. 5132)
[ view plain ]
| 000 -LEADER | |
|---|---|
| fixed length control field | 00491nam a2200169Ia 4500 |
| 003 - CONTROL NUMBER IDENTIFIER | |
| control field | SGT |
| 020 ## - INTERNATIONAL STANDARD BOOK NUMBER | |
| International Standard Book Number | 9780070262157 |
| 082 ## - DEWEY DECIMAL CLASSIFICATION NUMBER | |
| Classification number | 535 |
| Item number | GHA |
| 100 ## - MAIN ENTRY--PERSONAL NAME | |
| Personal name | Ghatak,Ajay |
| 245 ## - TITLE STATEMENT | |
| Title | Optics |
| 250 ## - EDITION STATEMENT | |
| Edition statement | 4th Ed. |
| 260 ## - PUBLICATION, DISTRIBUTION, ETC. (IMPRINT) | |
| Name of publisher, distributor, etc | Tata McGraw Hill Education Private Limited |
| Place of publication, distribution, etc | New Delhi |
| Year of Publication | 2008 |
| 300 ## - PAGE DESCRIPTION | |
| No. of Pages | V.P.p. |
| 650 ## - SUBJECT ADDED ENTRY--TOPICAL TERM | |
| Topical term or geographic name as entry element | LIGHT AND RELATED RADIATION |
| 700 ## - ADDED ENTRY--PERSONAL NAME | |
| Personal name | HISTORY OF OPTICS GEOMETRICAL OPTICS,VIBRATIONS AND WAVES,INTERFERENCE,DIFFRACTION,ELECTROMAGNETIC OF LIGHT |
| 942 ## - ADDED ENTRY ELEMENTS (KOHA) | |
| Source of classification or shelving scheme | Dewey Decimal Classification |
| Koha item type | Books |
| Withdrawn status | Lost status | Source of classification or shelving scheme | Damaged status | Use restrictions | Not for loan | Collection code | Home library | Current library | Shelving location | Date acquired | SGTU | Full call number | Accession No. (Barcode) | Date last seen | Bill Date | Koha item type | Total Checkouts | Date last borrowed | Total Renewals |
|---|---|---|---|---|---|---|---|---|---|---|---|---|---|---|---|---|---|---|---|
| Dewey Decimal Classification | Restricted Access | Not For Loan | ENGINEERING | SGT Engineering Library | SGT Engineering Library | Reference Book | 08/02/2011 | SGTU | 535 GHA | FE2776 | 09/02/2015 | 09/02/2015 | Books | ||||||
| Dewey Decimal Classification | SGT Engineering Library | SGT Engineering Library | 08/02/2011 | SGTU | 535 GHA | FE2777 | 18/10/2017 | 09/02/2015 | Books | 2 | 06/10/2017 | ||||||||
| Dewey Decimal Classification | SGT Engineering Library | SGT Engineering Library | 08/02/2011 | SGTU | 535 GHA | FE2778 | 28/09/2017 | 09/02/2015 | Books | 2 | 15/09/2017 | ||||||||
| Dewey Decimal Classification | SGT Engineering Library | SGT Engineering Library | 08/02/2011 | SGTU | 535 GHA | FE2779 | 03/09/2018 | 09/02/2015 | Books | 4 | 28/08/2018 | ||||||||
| Dewey Decimal Classification | SGT Engineering Library | SGT Engineering Library | 08/02/2011 | SGTU | 535 GHA | FE2780 | 11/10/2017 | 09/02/2015 | Books | 1 | 13/09/2017 | ||||||||
| Dewey Decimal Classification | SGT Engineering Library | SGT Engineering Library | 08/02/2011 | SGTU | 535 GHA | FE2781 | 04/09/2017 | 09/02/2015 | Books | 1 | 21/08/2017 | 2 | |||||||
| Dewey Decimal Classification | SGT Engineering Library | SGT Engineering Library | 08/02/2011 | SGTU | 535 GHA | FE2782 | 04/01/2021 | 09/02/2015 | Books | 3 | 05/12/2020 | 3 | |||||||
| Dewey Decimal Classification | SGT Engineering Library | SGT Engineering Library | 08/02/2011 | SGTU | 535 GHA | FE2783 | 28/10/2017 | 09/02/2015 | Books | 1 | 25/09/2017 | 3 | |||||||
| Dewey Decimal Classification | SGT Engineering Library | SGT Engineering Library | 08/02/2011 | SGTU | 535 GHA | FE2784 | 03/03/2021 | 09/02/2015 | Books | 1 | 02/02/2021 | ||||||||
| Dewey Decimal Classification | SGT Engineering Library | SGT Engineering Library | 08/02/2011 | SGTU | 535 GHA | FE2785 | 17/02/2021 | 09/02/2015 | Books | 2 | 14/01/2021 |